00690nam a2200217 i 4500001001100000003000500011005001700016008004100033020001800074040002500092082002200117100003900139245008300178264007300261300002400334336002100358337002500379338002300404650003400427700001100461C2-0299573PPAK20180728081210.0090811s2009 my |||| ||||| | eng d a9789679428599 aPPAKbengcPPAKerda04a305.6970959572230 aKamaludeen Mohamed Nasir, eauthor10aMuslims as minorities : bhistory and social realities of muslims in Singapore 1aBangi, Selangor : bPenerbit Universiti Kebangsaan Malaysia , c2009 a129 pages ; c23 cm 2rdacontentatext 2rdamediaaunmediated 2rdacarrieravolume10aMuslims - Singapore - History eauthor